000 00528nam a22002177a 4500
003 UA-OsUOA
001 49889
007 ta
008 20071012b un ||||| |||| 00| 0 ukr d
090 _a821.161.2
_bС73
942 _cBK
040 _aUA-OsUOA
_bukr
_cUA-OsUOA
_dUA-OsUOA
245 _aБудувати мости
300 _a96 с.
955 _a3
041 _aukr
080 _a821.161.2
260 _aК.
_c1993
650 7 _a82 Література. Літературознавство
_2UDC
999 _c335985
_d335985